El gran bazar del ferrocarril : (Registro nro. 10720)

Detalles MARC
000 -LIDER
fixed length control field 01160nam a22003497a 4500
001 - NÚMERO DE CONTROL
Identificador de número de control 000365
003 - IDENTIFICACDOR DE NÚMERO DE CONTROL
control field DO-SdBNP
005 - DATE AND TIME OF LATEST TRANSACTION
control field 20171212091518.0
007 - CAMPOS FIJOS DE DESCRIPCIÓN FÍSICA
fixed length control field 000365
008 - ELEMENTOS DE LONGITUD FIJA
fixed length control field 160706b 2009 sp a ||||| |||| 00| 0 spa d
020 ## - ISBN
International Standard Book Number 9788466320931
040 ## - FUENTE DE CATALOGACIÓN
Agencia que crea de manera original el registro BPMSU
Idioma de catalogación spa
Agencia que realiza la transcripción BPMSU
082 #4 - NÚMERO DE CLASIFICACIÓN DECIMAL DE DEWEY
Classification number 915.0442
Item number T412g
100 1# - ASIENTO PRINCIPAL -- NOMBRE PERSONAL
Nombre personal Theroux, Paul,
Fechas asociadas con el nombre 1941-
240 10 - TITULO UNIFORME
Título uniforme The great railway bazaar.
Idioma de una obra Español
245 10 - MENCIÓN DE TITULO
Título El gran bazar del ferrocarril :
Subtítulo un viaje en tren por Turquía, Extremo Oriente y Siberia /
Mención de responsabilidad Paul Theroux ; traducción, Juan Godó Costa.
260 ## - PUBLICACIÓN, DISTRIBUCIÓN, ETC. (PIE DE IMPRENTA)
Lugar de publicación, distribución, etc Madrid :
Nombre del editor, distribuidor, etc. Punto de Lectura,
Fecha de publicación, distribución, etc 2006.
300 ## - DESCRIPCIÓN FÍSICA
Extensión 506 p. :
Otros detalles físicos il., mapa ;
Dimensiones 19 cm.
490 1# - MENCIÓN DE SERIES
Mención de serie Punto de lectura
Volume/sequential designation 256
490 1# - MENCIÓN DE SERIES
Mención de serie Narrativa;
Volume/sequential designation 4
500 ## - NOTA GENERAL
Nota general Incluye datos biográficos del autor.
600 14 - ENCABEZAMIENTO DE MATERIA--NOMBRE PERSONAL
Nombre personal Theroux, Paul
650 #4 - ENCABEZAMIENTO DE MATERIA--TEMÁTICO
Término temático o nombre geográfico como elemento de entrada FERROCARRILES
Subdivisión geográfica ÁSIA
651 #4 - ENCABEZAMIENTO DE MATERIA--NOMBRE GEOGRÁFICO
Nombre geográfico ÁSIA
Subdivisión temática general DESCRIPCIONES Y VIAJES
700 12 - ASIENTO SECUNDARIO -- NOMBRE PERSONAL
Nombre personal Godó Costa, Juan,
Mención de responsabilidad tr.
830 #0 - ASIENTO SECUNDARIO DE SERIE--TÍTULO UNIFORME
Nombre de la parte o sección de una obra Punto de lectura ;
Número de la parte o sección de una obra 256
830 #0 - ASIENTO SECUNDARIO DE SERIE--TÍTULO UNIFORME
Nombre de la parte o sección de una obra Narrativa ;
Número de la parte o sección de una obra 4
910 ## - VALIDACIÓN
Validación Validado. Control de calidad MFF
942 ## - ADDED ENTRY ELEMENTS (KOHA)
Source of classification or shelving scheme Dewey Decimal Classification
Koha item type Libros
945 ## - INFORMACIÓN DE PROCESAMIENTO LOCAL
Información de procesamiento local Inventariado, 2017/MFF
956 ## - LOCAL ELECTRONIC LOCATION AND ACCESS (OCLC)
Método de acceso LOPEREZ
Materiales especificados 10
Enlace 20160706
Campo enlazado y núm. de secuencia BPMSU
Nombre de host 00041
Existencias
Withdrawn status Lost status Source of classification or shelving scheme Damaged status Not for loan Collection code Home library Current library Date acquired Source of acquisition Total Checkouts Full call number Barcode Date last seen Price effective from Koha item type Copy number
    Dewey Decimal Classification     Colección General Biblioteca Pública Metropolitana Salomé Ureña Biblioteca Pública Metropolitana Salomé Ureña 07/06/2016 Alfaguara   915.0442 T412g BPMSU16070142 07/06/2016 07/06/2016 Libros  
    Dewey Decimal Classification     Colección General Biblioteca Pública Metropolitana Salomé Ureña Biblioteca Pública Metropolitana Salomé Ureña 07/06/2016 Alfaguara   915.0442 T412g BPMSU16070143 07/06/2016 07/06/2016 Libros e. 2
    Dewey Decimal Classification     Colección General Biblioteca Pública Metropolitana Salomé Ureña Biblioteca Pública Metropolitana Salomé Ureña 07/06/2016 Alfaguara   915.0442 T412g BPMSU16070144 07/06/2016 07/06/2016 Libros e. 3